00723nam a2200229Ia 4500003000900000008004100009040001300050040001300063041000800076100001600084245007400100250001100174260001600185260000900201300001100210300001200221490002700233490001000260942000700270999001700277952019900294IT-RoPAU120407s9999 xx 000 0 und d aIT-RoPAU cIT-RoPAU aita aMario Bunge aLa causalità€. Il posto del principio causale nella scienza moderna. aTorino aBoringhieri c1970 a468 p. c19,5 cm aUniversale scientifica v14445 cBK c34933d34933 00102ddc406LM__299_00000000000000071aPAULUSbPAULUSd2012-04-11l0oLM.299r2012-04-11 00:00:00w2012-04-11yBKzInserito da: Jole In data: 22 luglio 2011 fondo: Via A.Severo 56 Progr:18428